000 04048nam a2200553Ia 4500
001 dia_5108
003 CHAP
005 20251216080521.0
008 220117s2016 xx 000 0 und d
010 _a175969
020 _a978-607-8445-60-8 (v.1) \ 978-607-8445-61-5 (v.2) \ 978-607-8445-62-2 (v.4) \ 978-607-8445-59-2 (v.5) \ 978-607-8445-63-9 (v.8) \ 978-607-8445-64-6 (v.10) \ 978-607-8445-75-2 (v.12)
040 _cCHAP
082 _a633.73 C46 2016
110 _aCentro Nacional de Investigación, Innovación y Desarrollo Tecnológico del Café
_9157615
245 _aCENACAFE : investigación y transferencia de tecnología /
_c José Domingo Robledo Martínez...[et al.] ; coordinación Susana Córdova Santamaría
260 _aMéxico :
_b CENACAFE :,
_b UACh :,
_b COFUPRO :,
_b SAGARPA,
_c2016
300 _a12 v.
440 _aCENACAFE : investigación y transferencia de tecnología
_9157616
503 _aD.
504 _aIncluye bibliografías
505 _av.Buenas prácticas para la cosecha del café : manual del técnico / José Domingo Robledo Martínez y Esteban Escamilla Prado \ v.2. Variedades comerciales de café : una guía descriptiva / Esteban Escamilla Prado, Maricruz Barrera Neri y Cuauhtemoc Cornejo Chávez \ v.3. Factores agronómicos y calidad de café / V. Horacio Santoyo Cortés...[et al.] \ v.4. Sistemas de cultivo de café en México / Esteban Escamilla Prado y Salvador Díaz Cárdenas \ v.5. Variedades de café en México : origen, características y perspetivas / Alfredo Zamarripa Colmenero y Esteban Escamilla Prado \ v.6. Manual de propagación de cafetos injertados / Alejandro Paz González y Esteban Escamilla Prado \ v.7. Manual para la estimación de cosecha de café en México / José Domingo Robledo Martínez y Salvador Díaz Cárdenas \ v.8. Cafés diferenciados y de especialidad / Esteban Escamilla Prado y Cesáreo Landeros Sánchez \ v.9. Manejo de la poda en los cafetos / Esteban Escamilla Prado \ v.10.Calidad en la cadena productiva del café en México / Salvador Díaz Cárdenas \ v.1Producción y manejo de aves de traspatio / Ángel Juárez Zárate \ v.12. El Huatusco de antaño : tradición y cultura cafetalera / Susana Córdova Santamaría
590 _aSB269 C46 2016
650 _aCoffee beans
_xCrops
_xMexico
_9157617
650 0 _aCoffee beans
_xCrops
_xHistory
_zMexico
_zHuatusco (Veracruz)
_9157618
650 0 _aCoffee beans
_xIndustry and trade
_zMexico
_9157619
650 0 _aCoffee beans
_xQuality control
_zMexico
_9157620
650 _aCoffee beans
_xVarieties
_9157621
650 0 _aSemillas de café
_xControl de calidad
_zMéxico
_9157622
650 _aSemillas de café
_xCultivo
_xMéxico
_9157623
650 0 _aSemillas de café
_xCultivo
_xHistoria
_zMéxico
_zHuatusco (Veracruz)
_9157624
650 0 _aSemillas de café
_xIndustria y comercio
_zMéxico
_9157625
650 _aSemillas de café
_xVariedades
_9157626
700 _aBarrera Neri, Maricruz, coaut.
_9157627
700 _aCórdova Santamaría, Susana, coord.
_9157628
700 _aCornejo Chávez, Cuauhtemoc, coaut.
_9157629
700 _aDíaz Cárdenas, Salvador, coaut.
_9157630
700 _aEscamilla Prado, Esteban, coaut.
_9157631
700 _aJuárez Zárate, Ángel, coaut.
_9157632
700 _aLanderos Sánchez, Cesáreo, coaut.
_9157633
700 _aPaz González, Alejandro, coaut.
_9157634
700 _aRobledo Martínez, José Domingo, coaut.
_9157635
700 _aSantoyo Cortés, V. Horacio, coaut.
_9157636
700 _aZamarripa Colmenero, Alfredo, coaut.
_9157637
710 _aCentro Nacional de Investigación, Innovación y Desarrollo Tecnológico del Café (CENACAFE) \ Coordinadora Nacional de las Fundaciones Produce (COFRUPO) \ Secretaría de Agricultura, Ganadería, Desarrollo Rural, Pesca y Alimentación (México) \ Universidad Autónoma Chapingo
_9157638
901 _a633.73 C46 2016
902 _aM
905 _a5222272016 mx afmn8225223322spa16
942 _cLIBRO
_2ddc
999 _c175969
_d175969